Voyage to the world (Record no. 80415)

MARC details
000 -LEADER
fixed length control field 00799cab a22001935a 4500
001 - CONTROL NUMBER
control field L144282
008 - FIXED-LENGTH DATA ELEMENTS--GENERAL INFORMATION
fixed length control field 080708e20080627xxka f 000 0 eng d
035 ## - SYSTEM CONTROL NUMBER
System control number (Sirsi) u144282
041 0# - LANGUAGE CODE
Language code of text/sound track or separate title eng
100 1# - MAIN ENTRY--PERSONAL NAME
Personal name Gardiner, Joey
245 00 - TITLE STATEMENT
Title Voyage to the world
260 ## - PUBLICATION, DISTRIBUTION, ETC.
Date of publication, distribution, etc. 2008
490 #0 - SERIES STATEMENT
Series statement Building
Volume/sequential designation 273(8535) 27 June 2008, 50-51(2)
520 ## - SUMMARY, ETC.
Summary, etc. Discusses sustainable housing in Sweden. Asks what can be learned from their experiments. Suggests that the public sector should provide a local green infrastructure and give local government the ability to take decisions. Finds that green living relies on occupiers to do their bit. Provides two case studies from Stockholm and Malmo.
590 ## - LOCAL NOTE (RLIN)
Local note KA
651 #4 - SUBJECT ADDED ENTRY--GEOGRAPHIC NAME
Geographic name Sweden
690 ## - LOCAL SUBJECT ADDED ENTRY--TOPICAL TERM (OCLC, RLIN)
Topical term or geographic name as entry element BUILT ENVIRONMENT-SUSTAINABLE CONSTRUCTION
942 ## - ADDED ENTRY ELEMENTS (KOHA)
Suppress in OPAC 0
Holdings
Withdrawn status Lost status Source of classification or shelving scheme Damaged status Not for loan Home library Current library Shelving location Date acquired Total Checkouts Full call number Barcode Date last seen Copy number Price effective from Koha item type
    Dewey Decimal Classification     London London Journal article 08/07/2008   L144282 144282-1001 06/08/2019 1 06/08/2019 Journal article